Detalles MARC
| 000 -CABECERA |
| campo de control de longitud fija |
01110nam a2200253 a 4500 |
| 001 - NÚMERO DE CONTROL |
| campo de control |
000033280 |
| 003 - IDENTIFICADOR DEL NÚMERO DE CONTROL |
| campo de control |
OSt |
| 005 - FECHA Y HORA DE LA ÚLTIMA TRANSACCIÓN |
| campo de control |
20210407183411.0 |
| 008 - DATOS DE LONGITUD FIJA--INFORMACIÓN GENERAL |
| campo de control de longitud fija |
110823s1965 ag 000 0 spa d |
| 040 ## - FUENTE DE LA CATALOGACIÓN |
| Centro catalogador/agencia de origen |
DO-SdBNP |
| Lengua de catalogación |
spa |
| Centro/agencia transcriptor |
BNPHU |
| 049 ## - FONDOS LOCALES (OCLC) |
| Fondos de biblioteca |
BNPD |
| 082 ## - NÚMERO DE LA CLASIFICACIÓN DECIMAL DEWEY |
| Número de clasificación |
xxxx |
| Número de documento/Ítem |
C284s |
| 100 1# - ENTRADA PRINCIPAL--NOMBRE DE PERSONA |
| Nombre de persona |
Carlos, Newton |
| 9 (RLIN) |
58891 |
| 240 10 - TÍTULO UNIFORME |
| Título uniforme |
São Domingos - A guerra da América Latina |
| Lenguaje de la obra |
español |
| 245 10 - MENCIÓN DE TÍTULO |
| Título |
Santo Domingo : |
| Resto del título |
la guerra de América Latina / |
| Mención de responsabilidad, etc. |
Newton Carlos ; traductor Manrique Salbarrey Gandín. |
| 260 ## - PUBLICACIÓN, DISTRIBUCIÓN, ETC. |
| Lugar de publicación, distribución, etc. |
Buenos Aires : |
| Nombre del editor, distribuidor, etc. |
Iguazú, |
| Fecha de publicación, distribución, etc. |
1965. |
| 300 ## - DESCRIPCIÓN FÍSICA |
| Extensión |
120 p. ; |
| Dimensiones |
18 cm. |
| 490 1# - MENCIÓN DE SERIE |
| Mención de serie |
Documentos |
| Designación de volumen o secuencia |
9 |
| 500 ## - NOTA GENERAL |
| Nota general |
Título original en portugués |
| 505 0# - NOTA DE CONTENIDO CON FORMATO |
| Título |
Una palabra del autor -- |
| -- |
Las guerras de nuestra época -- |
| -- |
premisas de una tragedia -- |
| -- |
Juan Bosch o el entreacto -- |
| -- |
La tragedia de Santo Domingo -- |
| -- |
Llegando a Johnson -- |
| -- |
Bandera de una rebelión -- |
| -- |
Es un poco de América Latina -- |
| Información miscelánea |
Dos documentos -- |
| Título |
El discurso de Waco, Texas -- |
| -- |
Manifiesto de los jóvenes católicos. |
| 700 12 - PUNTO DE ACCESO ADICIONAL--NOMBRE DE PERSONA |
| Nombre de persona |
Salbarrey Gandín, Manrique, |
| Término indicativo de función/relación |
trad. |
| 9 (RLIN) |
58892 |
| 830 #0 - PUNTO DE ACCESO ADICIONAL DE SERIE-TÍTULO UNIFORME |
| Título uniforme |
Documentos |
| Designación de volumen o secuencia |
9 |
| 9 (RLIN) |
1047 |
| 942 ## - ELEMENTOS DE PUNTO DE ACCESO ADICIONAL (KOHA) |
| Fuente del sistema de clasificación o colocación |
Dewey Decimal Classification |
| Tipo de ítem Koha |
Libro |